000
00242nam a2200097Ia 4500
005
20251222114406.0
008
251222s1900||||xx |||||||||||||| ||spa||
082
_a
DVD0120/V86/1823
245
0
_a
Missa Solemnis: Ludwig Van Beethoven:
942
_c
DVD
999
_c
1820
_d
1820